[Event "Havana Provincial-ch final"]
[Site "Havana"]
[Date "2009.10.30"]
[Round "12"]
[White "Gomez Fontal, Felix Manuel"]
[Black "Gil Martinez, Jose Luis"]
[Result "1/2-1/2"]
[WhiteElo "2359"]
[BlackElo "2297"]
[PlyCount "91"]
[EventDate "2009.10.16"]
[EventType "tourn"]
[EventRounds "17"]
[EventCountry "CUB"]
[SourceTitle "CBM 133 Extra"]
[Source "ChessBase"]
[SourceDate "2010.01.05"]
[SourceVersion "1"]
[SourceVersionDate "2010.01.05"]
[SourceQuality "1"]

1. d4 d5 2. Nf3 Nf6 3. c4 c6 4. cxd5 cxd5 5. Nc3 Nc6 6. Bf4 Qb6 7. Na4 Qa5+ 8. Bd2 Qc7 9. e3 Bf5 10. Rc1 Nd7 11. Bb4 Rc8 12. Bb5 Qb8 13. Ba3 e6 14. Bxf8 Kxf8 15. Qb3 Ke7 16. 0-0 Rhd8 17. Bxc6 bxc6 18. Qa3+ Qd6 19. Nc5 f6 20. Rc3 Rc7 21. Rfc1 Nxc5 22. Rxc5 Kf7 23. Qc3 Rb8 24. h3 Rb6 25. Nd2 g5 26. Nb3 e5 27. Na5 Bd7 28. e4 exd4 29. Qxd4 Qf4 30. Re1 Be6 31. Qc3 d4 32. Qd3 Rxb2 33. Qxd4 Rd2 34. Qe3 Qxe3 35. Rxe3 Rxa2 36. Nxc6 Rd7 37. Rf3 Kg6 38. Nb4 Re2 39. Nd5 Rxe4 40. Nxf6 Re1+ 41. Kh2 Rf7 42. Ng4 Rxf3 43. gxf3 h5 44. Ne5+ Kf6 45. Nc6 a6 46. Nd4 1/2-1/2

[Event "Havana Provincial-ch final"]
[Site "Havana"]
[Date "2009.10.29"]
[Round "11"]
[White "Gutierrez Delgado, Yusuan Alfredo"]
[Black "Gomez Fontal, Felix Manuel"]
[Result "1-0"]
[WhiteElo "2321"]
[BlackElo "2359"]
[PlyCount "85"]
[EventDate "2009.10.16"]
[EventType "tourn"]
[EventRounds "17"]
[EventCountry "CUB"]
[SourceTitle "CBM 133 Extra"]
[Source "ChessBase"]
[SourceDate "2010.01.05"]
[SourceVersion "1"]
[SourceVersionDate "2010.01.05"]
[SourceQuality "1"]

1. e4 e5 2. Nf3 Nc6 3. Bb5 a6 4. Bxc6 dxc6 5. 0-0 Bg4 6. h3 h5 7. d3 Qf6 8. Nbd2 Bc5 9. Nc4 Bxf3 10. Qxf3 Qxf3 11. gxf3 f6 12. f4 exf4 13. Bxf4 0-0-0 14. Rad1 Ne7 15. Be3 Bxe3 16. Nxe3 c5 17. f4 Nc6 18. Kh2 Rhg8 19. Rd2 Nd4 20. Rg2 c6 21. Rg6 b5 22. Rf2 Kb8 23. f5 c4 24. c3 cxd3 25. cxd4 Rxd4 26. e5 Re4 27. exf6 Rxe3 28. Rxg7 Rd8 29. f7 d2 30. Rxd2 Rxd2+ 31. Rg2 Rd8 32. Rg8 Re2+ 33. Kg3 Red2 34. Re8 Kc7 35. f8Q R8d3+ 36. Kf4 Rf2+ 37. Kg5 Rg2+ 38. Kf6 Rxb2 39. Re7+ Kb6 40. Qb8+ Ka5 41. Re4 Rd7 42. Ke6 Rbd2 43. f6 1-0

[Event "Havana Provincial-ch final"]
[Site "Havana"]
[Date "2009.10.27"]
[Round "9"]
[White "Ordunez Echarte, Dennys"]
[Black "Gomez Fontal, Felix Manuel"]
[Result "1-0"]
[WhiteElo "2299"]
[BlackElo "2359"]
[PlyCount "69"]
[EventDate "2009.10.16"]
[EventType "tourn"]
[EventRounds "17"]
[EventCountry "CUB"]
[SourceTitle "CBM 133 Extra"]
[Source "ChessBase"]
[SourceDate "2010.01.05"]
[SourceVersion "1"]
[SourceVersionDate "2010.01.05"]
[SourceQuality "1"]

1. e4 e5 2. Nf3 Nc6 3. Bc4 Nf6 4. d3 Bc5 5. c3 a6 6. b4 Ba7 7. 0-0 d6 8. a4 Ne7 9. Re1 Ng6 10. d4 Bg4 11. Be3 Qe7 12. Nbd2 0-0 13. Qb3 c6 14. b5 Bxf3 15. Nxf3 exd4 16. cxd4 Nxe4 17. bxc6 bxc6 18. Bxa6 d5 19. Qb7 Qd6 20. Rac1 c5 21. Bb5 Ne7 22. Qd7 Qf6 23. Rcd1 Nc3 24. Bg5 Qg6 25. Bxe7 Nxd1 26. Rxd1 Qc2 27. Rf1 Rfe8 28. Qxd5 Rec8 29. Ne5 cxd4 30. Qxf7+ Kh8 31. Bd3 Qc7 32. Qh5 g6 33. Bf6+ Kg8 34. Bxg6 Rf8 35. Bxh7+ 1-0

[Event "Havana Provincial-ch final"]
[Site "Havana"]
[Date "2009.10.22"]
[Round "5"]
[White "Alarcon Casellas, Rolando"]
[Black "Gomez Fontal, Felix Manuel"]
[Result "1-0"]
[WhiteElo "2375"]
[BlackElo "2359"]
[PlyCount "107"]
[EventDate "2009.10.16"]
[EventType "tourn"]
[EventRounds "17"]
[EventCountry "CUB"]
[SourceTitle "CBM 133 Extra"]
[Source "ChessBase"]
[SourceDate "2010.01.05"]
[SourceVersion "1"]
[SourceVersionDate "2010.01.05"]
[SourceQuality "1"]

1. d4 Nf6 2. Bg5 Ne4 3. Bf4 d5 4. f3 Nf6 5. e4 e6 6. e5 Nfd7 7. Be3 c5 8. c3 cxd4 9. cxd4 Nc6 10. f4 Qb6 11. Qd2 Bb4 12. Nc3 f6 13. Nf3 0-0 14. a3 Be7 15. b4 Qd8 16. Bd3 Nb6 17. 0-0 Bd7 18. g4 Rc8 19. exf6 gxf6 20. g5 f5 21. Qe1 Be8 22. Bf2 Bf7 23. Ne2 Bd6 24. Ne5 Be8 25. Bh4 Nxe5 26. fxe5 Be7 27. Nf4 Qd7 28. Ra2 Bg6 29. Rg2 Rf7 30. Bf2 Rg7 31. h4 Be8 32. Be3 Nc4 33. Bc1 Bd8 34. Qf2 Bf7 35. h5 Rc6 36. h6 Rg6 37. Nxg6 Bxg6 38. b5 Rc8 39. a4 Bb6 40. Bf4 Qd8 41. Bxc4 Rxc4 42. a5 Bxd4 43. Be3 Bxe5 44. Rc1 Rxc1+ 45. Bxc1 d4 46. Qc2 Qc7 47. Ba3 f4 48. Qb3 Bf5 49. Qb4 Qd8 50. Qc5 Bb8 51. Rd2 f3 52. Kf2 e5 53. Qc4+ Kh8 54. Qf7 1-0

[Event "Havana Provincial-ch final"]
[Site "Havana"]
[Date "2009.10.21"]
[Round "4"]
[White "Gomez Fontal, Felix Manuel"]
[Black "Larrua Gonzalez, Fernando Oscar"]
[Result "1-0"]
[WhiteElo "2359"]
[BlackElo "2255"]
[PlyCount "37"]
[EventDate "2009.10.16"]
[EventType "tourn"]
[EventRounds "17"]
[EventCountry "CUB"]
[SourceTitle "CBM 133 Extra"]
[Source "ChessBase"]
[SourceDate "2010.01.05"]
[SourceVersion "1"]
[SourceVersionDate "2010.01.05"]
[SourceQuality "1"]

1. d4 d5 2. Nf3 Nf6 3. c4 c6 4. cxd5 cxd5 5. Nc3 Nc6 6. Bf4 e6 7. e3 Bd6 8. Bd3 0-0 9. 0-0 a6 10. Rc1 Qe7 11. Bg5 Bd7 12. e4 dxe4 13. Nxe4 Nb4 14. Ne5 Bb5 15. Bxb5 axb5 16. Qf3 Nbd5 17. Ng4 Qd8 18. Nexf6+ Nxf6 19. Nxf6+ 1-0